000 00821cam a22002891 4500
999 _c9188
_d9188
001 9368382
003 OSt
005 20191224103005.0
008 730802s1961 nyua b 000 0 eng
010 _a 61005110
015 _aGB61-8845
035 _a(OCoLC)670312
040 _aDLC
_cOClU
_dOCoLC
_dUk
_dDLC
042 _apremarc
050 0 0 _aHJ141
_b.T3 1961
082 _a336
_bTAY/E
100 _aTaylor, Philip
_9698
245 1 0 _aEconomics of public finance.
250 _a3d ed.
260 _aNew York,
_bMacmillan
_c[1961]
300 _a588 p.
_billus.
_c24 cm.
504 _aIncludes bibliography.
650 0 _aFinance, Public.
650 0 _aFinance, Public
_zUnited States.
906 _a7
_bcbc
_coclcrpl
_du
_encip
_f19
_gy-gencatlg
942 _2ddc
_cBK
_h336
_iTAY/E
_k336
_mTAY/E